00500cam a2200157ua 45000010005000000080039000050400009000440820016000531000035000692450085001042500009001892600051001983000017002496530014002666530062002801581110712n ii |||gr||||Z||||||eng cMAIN a332.11209521 aPatrick, Hugh Talbot,eAuthor.1 aMonetry policy and central banking in contemporary japancby Hugh Talbot Patrick a1st. aBombay:bRegister bombay university press,962. a219p:c23cm. aeconomics amonetary policy and central banking in contemporary japan